[Event "European Women's Championship"]
[Site "Vysoke Tatry"]
[Date "2018.04.12"]
[Round "5"]
[White "Cramling, Pia"]
[Black "Yildiz Kadioglu, Betul Cemre"]
[Result "1/2-1/2"]
[Board "34"]
[WhiteElo "2472"]
[WhiteTitle "GM"]
[WhiteCountry "SWE"]
[WhiteFideId "1700030"]
[WhiteEloChange "-2"]
[BlackElo "2286"]
[BlackTitle "WGM"]
[BlackCountry "TUR"]
[BlackFideId "6302920"]
[BlackEloChange "5"]

1. Nf3 {[%clk 1:30:56]} d5 {[%clk 1:30:54]} 2. g3 {[%clk 1:31:18]} Nf6 {[%clk
1:31:05]} 3. Bg2 {[%clk 1:31:39]} b5 {[%clk 1:31:23]} 4. O-O {[%clk 1:30:57]} e6
{[%clk 1:31:22]} 5. d3 {[%clk 1:30:40]} Be7 {[%clk 1:29:22]} 6. e4 {[%clk
1:28:31]} Bb7 {[%clk 1:25:04]} 7. exd5 {[%clk 1:26:42]} Nxd5 {[%clk 1:16:30]} 8.
a3 {[%clk 1:13:10]} Nb6 {[%clk 1:11:56]} 9. Nc3 {[%clk 1:04:40]} a6 {[%clk
1:10:58]} 10. Ne5 {[%clk 1:03:05]} Bxg2 {[%clk 1:07:40]} 11. Kxg2 {[%clk
1:03:33]} O-O {[%clk 1:06:50]} 12. Qf3 {[%clk 1:02:38]} c5 {[%clk 0:56:59]} 13.
a4 {[%clk 0:59:34]} b4 {[%clk 0:55:11]} 14. a5 {[%clk 0:49:14]} Nd5 {[%clk
0:50:06]} 15. Ne4 {[%clk 0:43:15]} Qc7 {[%clk 0:35:34]} 16. Nc4 {[%clk 0:43:15]}
Nc6 {[%clk 0:34:59]} 17. Qd1 {[%clk 0:43:14]} Rad8 {[%clk 0:29:21]} 18. f4 {[%clk
0:40:21]} Nf6 {[%clk 0:24:05]} 19. Ned2 {[%clk 0:38:49]} Nd4 {[%clk 0:23:58]} 20.
Nf3 {[%clk 0:37:08]} Qb7 {[%clk 0:23:38]} 21. Kg1 {[%clk 0:31:47]} b3 {[%clk
0:19:53]} 22. Nxd4 {[%clk 0:28:30]} cxd4 {[%clk 0:19:02]} 23. cxb3 {[%clk
0:28:07]} Rb8 {[%clk 0:16:12]} 24. f5 {[%clk 0:27:17]} exf5 {[%clk 0:14:53]} 25.
Rxf5 {[%clk 0:27:01]} Qxb3 {[%clk 0:14:21]} 26. Bf4 {[%clk 0:24:57]} Qxd1+ {[%clk
0:11:14]} 27. Rxd1 {[%clk 0:25:26]} Rb3 {[%clk 0:11:32]} 28. Be5 {[%clk 0:22:28]}
Rd8 {[%clk 0:08:27]} 29. Bxf6 {[%clk 0:22:27]} Bxf6 {[%clk 0:08:53]} 30. Rc5
{[%clk 0:22:37]} h6 {[%clk 0:07:37]} 31. Rc6 {[%clk 0:22:39]} Ra8 {[%clk
0:08:01]} 32. Kf1 {[%clk 0:19:07]} Bg5 {[%clk 0:07:11]} 33. Rd6 {[%clk 0:17:20]}
Bf6 {[%clk 0:06:06]} 34. Rb6 {[%clk 0:09:05]} Rb5 {[%clk 0:06:21]} 35. Re1 {[%clk
0:09:20]} Rf5+ {[%clk 0:05:14]} 36. Kg2 {[%clk 0:09:32]} Kh7 {[%clk 0:02:31]} 37.
Rb7 {[%clk 0:04:33]} Kg6 {[%clk 0:02:39]} 38. b4 {[%clk 0:03:57]} Rc8 {[%clk
0:00:48]} 39. Rb6 {[%clk 0:03:36]} Ra8 {[%clk 0:00:38]} 40. Nd6 {[%clk 0:31:25]}
Rd5 {[%clk 0:30:45]} 41. Ne4 {[%clk 0:28:52]} Re5 {[%clk 0:22:01]} 42. Rc1 {[%clk
0:26:26]} Kh7 {[%clk 0:20:56]} 43. Rc5 {[%clk 0:20:07]} Ree8 {[%clk 0:17:19]} 44.
Rcc6 {[%clk 0:14:44]} Be7 {[%clk 0:16:48]} 45. g4 {[%clk 0:10:03]} Rac8 {[%clk
0:15:18]} 46. Rxc8 {[%clk 0:07:05]} Rxc8 {[%clk 0:15:47]} 47. Rxa6 {[%clk
0:05:05]} Rc2+ {[%clk 0:16:06]} 48. Kf3 {[%clk 0:04:20]} Bxb4 {[%clk 0:16:27]}
49. Ra7 {[%clk 0:04:38]} Rxh2 {[%clk 0:15:32]} 50. a6 {[%clk 0:04:25]} Rh3+
{[%clk 0:14:31]} 51. Kf4 {[%clk 0:04:32]} Rxd3 {[%clk 0:14:20]} 52. Rb7 {[%clk
0:04:23]} Bd2+ {[%clk 0:08:32]} 53. Ke5 {[%clk 0:04:10]} Be3 {[%clk 0:08:35]} 54.
Nc5 {[%clk 0:02:29]} Ra3 {[%clk 0:09:01]} 55. Ke4 {[%clk 0:02:53]} Bg1 {[%clk
0:07:32]} 56. Rxf7 {[%clk 0:02:14]} d3 {[%clk 0:06:34]} 57. Nxd3 {[%clk 0:02:32]}
Rxa6 {[%clk 0:06:48]} 58. Nf4 {[%clk 0:02:40]} Ra4+ {[%clk 0:06:15]} 59. Kf3
{[%clk 0:02:15]} Bd4 {[%clk 0:05:17]} 60. Nh5 {[%clk 0:02:21]} Ra7 {[%clk
0:01:34]} 61. Nf6+ {[%clk 0:00:55]} Kg6 {[%clk 0:01:50]} 62. Rxa7 {[%clk
0:01:21]} Bxa7 {[%clk 0:02:14]} 63. Ne4 {[%clk 0:01:43]} Bb8 {[%clk 0:02:17]} 64.
Ke3 {[%clk 0:01:35]} Kf7 {[%clk 0:00:46]} 65. Kf3 {[%clk 0:01:47]} Kg6 {[%clk
0:00:46]} 66. Ke3 {[%clk 0:02:04]} h5 {[%clk 0:00:46]} 67. gxh5+ {[%clk 0:02:27]}
Kxh5 {[%clk 0:01:13]} 68. Kf3 {[%clk 0:02:50]} Kh4 {[%clk 0:01:34]} 69. Kg2
{[%clk 0:03:15]} Be5 {[%clk 0:01:34]} 1/2-1/2

[Event "European Women's Championship"]
[Site "Vysoke Tatry"]
[Date "2018.04.12"]
[Round "5"]
[White "Injac, Teodora"]
[Black "Vega Gutierrez, Sabrina"]
[Result "1/2-1/2"]
[Board "35"]
[WhiteElo "2290"]
[WhiteTitle "WIM"]
[WhiteCountry "SRB"]
[WhiteFideId "932400"]
[WhiteEloChange "4"]
[BlackElo "2425"]
[BlackTitle "IM"]
[BlackCountry "ESP"]
[BlackFideId "2219026"]
[BlackEloChange "-2"]

1. d4 {[%clk 1:30:57]} Nf6 {[%clk 1:30:48]} 2. Nf3 {[%clk 1:29:48]} b6 {[%clk
1:31:05]} 3. c4 {[%clk 1:18:54]} Bb7 {[%clk 1:31:20]} 4. Nc3 {[%clk 1:19:13]} e6
{[%clk 1:31:17]} 5. a3 {[%clk 1:19:19]} Ne4 {[%clk 1:21:34]} 6. Nxe4 {[%clk
1:19:16]} Bxe4 {[%clk 1:21:55]} 7. Nd2 {[%clk 1:19:44]} Bg6 {[%clk 1:20:49]} 8.
g3 {[%clk 1:17:22]} Nc6 {[%clk 1:12:25]} 9. e3 {[%clk 1:16:24]} e5 {[%clk
0:59:52]} 10. d5 {[%clk 1:13:54]} Nb8 {[%clk 1:00:11]} 11. Bg2 {[%clk 1:08:42]}
d6 {[%clk 0:46:29]} 12. b4 {[%clk 1:02:28]} Be7 {[%clk 0:46:28]} 13. Bb2 {[%clk
1:01:20]} Nd7 {[%clk 0:46:04]} 14. e4 {[%clk 0:54:10]} f5 {[%clk 0:33:27]} 15. h4
{[%clk 0:35:51]} h6 {[%clk 0:33:45]} 16. exf5 {[%clk 0:34:11]} Bxf5 {[%clk
0:33:54]} 17. Qh5+ {[%clk 0:25:29]} g6 {[%clk 0:34:17]} 18. Qe2 {[%clk 0:25:57]}
Nf6 {[%clk 0:32:39]} 19. h5 {[%clk 0:20:48]} g5 {[%clk 0:30:33]} 20. Ne4 {[%clk
0:20:00]} Nxe4 {[%clk 0:25:57]} 21. Bxe4 {[%clk 0:20:28]} Qd7 {[%clk 0:26:16]}
22. Bxe5 {[%clk 0:14:15]} O-O {[%clk 0:17:11]} 23. Bxf5 {[%clk 0:13:38]} Qxf5
{[%clk 0:17:29]} 24. Bb2 {[%clk 0:11:13]} Bf6 {[%clk 0:17:46]} 25. O-O {[%clk
0:10:37]} Rae8 {[%clk 0:18:07]} 26. Qd2 {[%clk 0:11:01]} Bxb2 {[%clk 0:10:12]}
27. Qxb2 {[%clk 0:11:30]} Qf3 {[%clk 0:09:57]} 28. Rae1 {[%clk 0:09:53]} Rxe1
{[%clk 0:03:12]} 29. Rxe1 {[%clk 0:10:22]} Qxh5 {[%clk 0:03:34]} 30. Qd4 {[%clk
0:07:27]} Qf3 {[%clk 0:01:31]} 31. Re7 {[%clk 0:07:07]} Rf7 {[%clk 0:01:50]} 32.
Re8+ {[%clk 0:06:19]} Rf8 {[%clk 0:02:18]} 33. Re6 {[%clk 0:05:15]} Kh7 {[%clk
0:02:13]} 34. c5 {[%clk 0:03:30]} bxc5 {[%clk 0:02:27]} 35. bxc5 {[%clk 0:03:56]}
dxc5 {[%clk 0:02:45]} 36. Re7+ {[%clk 0:03:10]} Kg6 {[%clk 0:00:36]} 37. Qxc5
{[%clk 0:01:17]} Qd1+ {[%clk 0:00:49]} 38. Kg2 {[%clk 0:01:21]} Qf3+ {[%clk
0:01:00]} 39. Kg1 {[%clk 0:01:11]} Qd1+ {[%clk 0:01:25]} 40. Kg2 {[%clk 0:31:23]}
Qf3+ {[%clk 0:31:25]} 41. Kg1 {[%clk 0:20:08]} Rf5 {[%clk 0:24:01]} 42. Qc2
{[%clk 0:15:23]} Kh5 {[%clk 0:24:03]} 43. Re3 {[%clk 0:14:49]} Qxd5 {[%clk
0:24:22]} 44. Qxc7 {[%clk 0:09:53]} Kg4 {[%clk 0:21:29]} 45. Qc2 {[%clk 0:08:16]}
Kh5 {[%clk 0:16:06]} 46. Qa4 {[%clk 0:07:12]} 1/2-1/2

[Event "European Women's Championship"]
[Site "Vysoke Tatry"]
[Date "2018.04.12"]
[Round "5"]
[White "Paramzina, Anastasya"]
[Black "Milliet, Sophie"]
[Result "1/2-1/2"]
[Board "36"]
[WhiteElo "2271"]
[WhiteTitle "WGM"]
[WhiteCountry "RUS"]
[WhiteFideId "4165012"]
[WhiteEloChange "3"]
[BlackElo "2391"]
[BlackTitle "IM"]
[BlackCountry "FRA"]
[BlackFideId "623725"]
[BlackEloChange "-3"]

1. e4 {[%clk 1:30:18]} c5 {[%clk 1:30:56]} 2. Nf3 {[%clk 1:30:43]} e6 {[%clk
1:31:23]} 3. d4 {[%clk 1:31:09]} cxd4 {[%clk 1:31:49]} 4. Nxd4 {[%clk 1:31:30]}
Nc6 {[%clk 1:32:15]} 5. Nc3 {[%clk 1:31:44]} Qc7 {[%clk 1:32:40]} 6. Qd3 {[%clk
1:31:43]} Nf6 {[%clk 1:31:19]} 7. Ndb5 {[%clk 1:31:43]} Qb8 {[%clk 1:31:43]} 8.
Qg3 {[%clk 1:32:01]} d6 {[%clk 1:32:09]} 9. Be3 {[%clk 1:32:07]} a6 {[%clk
1:32:13]} 10. Nd4 {[%clk 1:32:18]} Bd7 {[%clk 1:32:07]} 11. Bd3 {[%clk 1:15:00]}
b5 {[%clk 1:29:55]} 12. O-O {[%clk 1:12:17]} Be7 {[%clk 1:19:02]} 13. f4 {[%clk
0:59:53]} h5 {[%clk 1:15:27]} 14. Nxc6 {[%clk 0:47:05]} Bxc6 {[%clk 1:15:54]} 15.
e5 {[%clk 0:47:14]} Ng4 {[%clk 1:09:41]} 16. Bd4 {[%clk 0:45:59]} Qd8 {[%clk
1:07:02]} 17. Be4 {[%clk 0:33:52]} Bxe4 {[%clk 1:00:27]} 18. Nxe4 {[%clk
0:34:17]} dxe5 {[%clk 1:00:30]} 19. Bxe5 {[%clk 0:34:23]} Qb6+ {[%clk 1:00:18]}
20. Kh1 {[%clk 0:33:22]} f6 {[%clk 1:00:28]} 21. Bc3 {[%clk 0:32:41]} b4 {[%clk
0:59:48]} 22. Bd2 {[%clk 0:27:23]} Rd8 {[%clk 0:55:40]} 23. Rad1 {[%clk 0:24:11]}
Qc6 {[%clk 0:48:40]} 24. Qf3 {[%clk 0:11:03]} Qxc2 {[%clk 0:46:55]} 25. Rc1
{[%clk 0:11:29]} Qxb2 {[%clk 0:45:14]} 26. Rc7 {[%clk 0:10:01]} Qa3 {[%clk
0:07:49]} 27. Nxf6+ {[%clk 0:01:32]} Nxf6 {[%clk 0:01:58]} 28. Rxe7+ {[%clk
0:01:48]} Kxe7 {[%clk 0:02:22]} 29. Qb7+ {[%clk 0:02:11]} Rd7 {[%clk 0:02:37]}
30. Bxb4+ {[%clk 0:02:27]} Kf7 {[%clk 0:03:07]} 31. Qxd7+ {[%clk 0:02:27]} Nxd7
{[%clk 0:03:36]} 32. Bxa3 {[%clk 0:02:24]} Rc8 {[%clk 0:04:01]} 33. Rc1 {[%clk
0:02:15]} Rxc1+ {[%clk 0:04:09]} 34. Bxc1 {[%clk 0:02:37]} Kg6 {[%clk 0:04:34]}
35. Kg1 {[%clk 0:02:23]} Kf5 {[%clk 0:05:00]} 36. Kf2 {[%clk 0:02:15]} Ke4 {[%clk
0:04:49]} 37. Kg3 {[%clk 0:00:58]} Nc5 {[%clk 0:01:38]} 38. Kh4 {[%clk 0:01:19]}
Nd3 {[%clk 0:02:02]} 39. Bd2 {[%clk 0:01:03]} Nxf4 {[%clk 0:02:08]} 40. g3 {[%clk
0:31:29]} Ng6+ {[%clk 0:31:11]} 41. Kxh5 {[%clk 0:30:11]} Ne5 {[%clk 0:26:43]}
42. Bc3 {[%clk 0:29:44]} g6+ {[%clk 0:23:43]} 43. Kg5 {[%clk 0:28:15]} Nf3+
{[%clk 0:24:07]} 44. Kxg6 {[%clk 0:22:27]} Nxh2 {[%clk 0:23:51]} 45. Kg5 {[%clk
0:17:07]} 1/2-1/2

[Event "European Women's Championship"]
[Site "Vysoke Tatry"]
[Date "2018.04.12"]
[Round "5"]
[White "Fataliyeva, Ulviyya"]
[Black "Prudnykova, Olga"]
[Result "1-0"]
[Board "37"]
[WhiteElo "2361"]
[WhiteTitle "WGM"]
[WhiteCountry "AZE"]
[WhiteFideId "13403052"]
[WhiteEloChange "8"]
[BlackElo "2281"]
[BlackTitle "WIM"]
[BlackCountry "UKR"]
[BlackFideId "14121093"]
[BlackEloChange "-8"]

1. e4 {[%clk 1:30:58]} c5 {[%clk 1:30:56]} 2. Nf3 {[%clk 1:31:25]} d6 {[%clk
1:31:19]} 3. c3 {[%clk 1:31:52]} Nf6 {[%clk 1:31:25]} 4. Be2 {[%clk 1:32:19]} g6
{[%clk 1:30:08]} 5. O-O {[%clk 1:32:30]} Bg7 {[%clk 1:30:21]} 6. Bb5+ {[%clk
1:32:57]} Bd7 {[%clk 1:29:57]} 7. Bxd7+ {[%clk 1:33:25]} Qxd7 {[%clk 1:29:19]} 8.
Re1 {[%clk 1:33:51]} Nc6 {[%clk 1:27:44]} 9. d4 {[%clk 1:34:11]} O-O {[%clk
1:26:40]} 10. d5 {[%clk 1:29:07]} Ne5 {[%clk 1:26:21]} 11. a4 {[%clk 1:15:08]}
Nxf3+ {[%clk 1:15:05]} 12. Qxf3 {[%clk 1:15:35]} b5 {[%clk 1:01:15]} 13. axb5
{[%clk 1:15:24]} Qxb5 {[%clk 1:01:40]} 14. Na3 {[%clk 1:14:49]} Qb3 {[%clk
0:58:43]} 15. Qe2 {[%clk 1:12:36]} e6 {[%clk 0:48:46]} 16. Nb5 {[%clk 0:51:41]}
a6 {[%clk 0:30:26]} 17. Nxd6 {[%clk 0:51:39]} exd5 {[%clk 0:29:08]} 18. e5 {[%clk
0:46:31]} Ne8 {[%clk 0:28:36]} 19. Bg5 {[%clk 0:37:36]} Nc7 {[%clk 0:21:57]} 20.
Be7 {[%clk 0:21:25]} Rfb8 {[%clk 0:22:24]} 21. Qg4 {[%clk 0:18:32]} d4 {[%clk
0:18:04]} 22. cxd4 {[%clk 0:13:24]} cxd4 {[%clk 0:18:20]} 23. Qxd4 {[%clk
0:13:13]} Ne6 {[%clk 0:13:52]} 24. Qe4 {[%clk 0:10:39]} Ra7 {[%clk 0:13:56]} 25.
Bf6 {[%clk 0:09:25]} Nc5 {[%clk 0:04:40]} 26. Qc6 {[%clk 0:06:19]} Nd3 {[%clk
0:04:48]} 27. Re2 {[%clk 0:02:44]} Qe6 {[%clk 0:05:16]} 28. Bxg7 {[%clk 0:00:58]}
Kxg7 {[%clk 0:05:44]} 29. Qe4 {[%clk 0:00:41]} Nb4 {[%clk 0:04:21]} 30. Rc1
{[%clk 0:00:38]} Re7 {[%clk 0:02:41]} 31. h4 {[%clk 0:00:56]} h5 {[%clk 0:02:35]}
32. Rc4 {[%clk 0:01:02]} a5 {[%clk 0:02:57]} 33. Rc5 {[%clk 0:01:13]} Rd8 {[%clk
0:01:47]} 34. Qd4 {[%clk 0:00:53]} Kh7 {[%clk 0:01:51]} 35. Rd2 {[%clk 0:00:57]}
Qd7 {[%clk 0:00:45]} 36. f4 {[%clk 0:00:51]} Nc6 {[%clk 0:00:42]} 37. Qc4 {[%clk
0:00:44]} Qa7 {[%clk 0:00:43]} 38. Kh2 {[%clk 0:00:57]} Nb4 {[%clk 0:00:36]} 39.
Nc8 {[%clk 0:00:57]} Rxc8 {[%clk 0:00:32]} 40. Rxc8 {[%clk 0:31:25]} Rd7 {[%clk
0:30:35]} 41. Rxd7 {[%clk 0:30:50]} Qxd7 {[%clk 0:31:03]} 42. Rc7 {[%clk
0:29:14]} 1-0

[Event "European Women's Championship"]
[Site "Vysoke Tatry"]
[Date "2018.04.12"]
[Round "5"]
[White "Mammadova, Gulnar"]
[Black "Kursova, Maria"]
[Result "0-1"]
[Board "38"]
[WhiteElo "2360"]
[WhiteTitle "IM"]
[WhiteCountry "AZE"]
[WhiteFideId "13403508"]
[WhiteEloChange "-12"]
[BlackElo "2278"]
[BlackTitle "WGM"]
[BlackCountry "ARM"]
[BlackFideId "4129709"]
[BlackEloChange "12"]

1. e4 {[%clk 1:30:57]} c5 {[%clk 1:30:54]} 2. Nf3 {[%clk 1:31:18]} Nc6 {[%clk
1:31:14]} 3. Bb5 {[%clk 1:31:37]} d6 {[%clk 1:31:31]} 4. O-O {[%clk 1:31:25]} Bd7
{[%clk 1:31:10]} 5. Re1 {[%clk 1:31:24]} Nf6 {[%clk 1:30:57]} 6. h3 {[%clk
1:30:43]} a6 {[%clk 1:29:14]} 7. Bf1 {[%clk 1:28:29]} e6 {[%clk 0:57:11]} 8. c3
{[%clk 1:26:02]} Be7 {[%clk 0:56:11]} 9. d4 {[%clk 1:22:26]} cxd4 {[%clk
0:46:44]} 10. cxd4 {[%clk 1:22:30]} d5 {[%clk 0:45:09]} 11. e5 {[%clk 1:19:28]}
Ne4 {[%clk 0:45:21]} 12. Nbd2 {[%clk 1:13:57]} Nxd2 {[%clk 0:44:56]} 13. Bxd2
{[%clk 1:12:46]} Qb6 {[%clk 0:37:45]} 14. Bc3 {[%clk 1:10:28]} O-O {[%clk
0:30:08]} 15. Bd3 {[%clk 1:07:09]} f5 {[%clk 0:27:16]} 16. exf6 {[%clk 1:02:39]}
gxf6 {[%clk 0:26:49]} 17. Qd2 {[%clk 1:01:28]} Rf7 {[%clk 0:26:26]} 18. Qh6
{[%clk 0:54:21]} Qd8 {[%clk 0:23:24]} 19. Re3 {[%clk 0:51:24]} Qf8 {[%clk
0:22:48]} 20. Qh5 {[%clk 0:50:49]} Rg7 {[%clk 0:22:36]} 21. Nd2 {[%clk 0:47:24]}
Qf7 {[%clk 0:17:38]} 22. Qe2 {[%clk 0:45:47]} Bd6 {[%clk 0:17:54]} 23. Rf3 {[%clk
0:35:01]} Kh8 {[%clk 0:16:37]} 24. Nf1 {[%clk 0:31:07]} Rag8 {[%clk 0:16:03]} 25.
Ne3 {[%clk 0:28:47]} Qh5 {[%clk 0:15:55]} 26. Kh1 {[%clk 0:23:15]} Qh4 {[%clk
0:15:49]} 27. Rd1 {[%clk 0:18:26]} f5 {[%clk 0:08:59]} 28. Qf1 {[%clk 0:14:29]}
f4 {[%clk 0:04:49]} 29. Nc2 {[%clk 0:14:45]} Rxg2 {[%clk 0:03:32]} 30. Qxg2
{[%clk 0:13:51]} Rxg2 {[%clk 0:04:00]} 31. Kxg2 {[%clk 0:14:19]} Be8 {[%clk
0:04:23]} 32. Re1 {[%clk 0:12:07]} Bh5 {[%clk 0:04:46]} 33. Be2 {[%clk 0:12:18]}
Qg5+ {[%clk 0:03:57]} 34. Kh2 {[%clk 0:11:41]} Bxf3 {[%clk 0:03:50]} 35. Bxf3
{[%clk 0:12:03]} Qf5 {[%clk 0:03:49]} 36. Re2 {[%clk 0:12:12]} h5 {[%clk
0:04:04]} 37. a3 {[%clk 0:09:38]} Kg7 {[%clk 0:04:19]} 38. Ne1 {[%clk 0:08:51]}
Nd8 {[%clk 0:02:33]} 39. Bb4 {[%clk 0:04:52]} Bxb4 {[%clk 0:01:59]} 40. axb4
{[%clk 0:35:20]} Nc6 {[%clk 0:32:19]} 41. Nc2 {[%clk 0:35:29]} Qd3 {[%clk
0:28:04]} 42. Kg2 {[%clk 0:35:12]} Kf6 {[%clk 0:27:30]} 43. Bxh5 {[%clk 0:33:08]}
Nxd4 {[%clk 0:25:51]} 44. Nxd4 {[%clk 0:33:03]} Qxd4 {[%clk 0:26:18]} 45. Bg4
{[%clk 0:31:43]} e5 {[%clk 0:26:37]} 46. h4 {[%clk 0:31:46]} e4 {[%clk 0:26:31]}
47. Rc2 {[%clk 0:31:55]} f3+ {[%clk 0:25:41]} 48. Kg3 {[%clk 0:31:22]} Qxb4
{[%clk 0:24:59]} 49. h5 {[%clk 0:31:16]} Qd6+ {[%clk 0:16:37]} 50. Kh3 {[%clk
0:30:11]} d4 {[%clk 0:16:42]} 51. h6 {[%clk 0:29:16]} Kg5 {[%clk 0:16:48]} 0-1

[Event "European Women's Championship"]
[Site "Vysoke Tatry"]
[Date "2018.04.12"]
[Round "5"]
[White "Mamedjarova, Zeinab"]
[Black "Manakova, Maria"]
[Result "0-1"]
[Board "39"]
[WhiteElo "2355"]
[WhiteTitle "WGM"]
[WhiteCountry "AZE"]
[WhiteFideId "13401521"]
[WhiteEloChange "-12"]
[BlackElo "2268"]
[BlackTitle "WGM"]
[BlackCountry "SRB"]
[BlackFideId "927007"]
[BlackEloChange "12"]

1. d4 {[%clk 1:30:57]} d5 {[%clk 1:30:42]} 2. e3 {[%clk 1:31:06]} e6 {[%clk
1:28:08]} 3. Bd3 {[%clk 1:30:18]} f5 {[%clk 1:27:32]} 4. Qh5+ {[%clk 1:26:17]} g6
{[%clk 1:27:53]} 5. Qe2 {[%clk 1:26:30]} Nf6 {[%clk 1:27:41]} 6. Nh3 {[%clk
1:20:55]} Bd6 {[%clk 1:27:05]} 7. c4 {[%clk 1:02:03]} c6 {[%clk 1:26:49]} 8. Nc3
{[%clk 0:58:17]} Qe7 {[%clk 1:23:57]} 9. O-O {[%clk 0:46:42]} e5 {[%clk 1:10:44]}
10. cxd5 {[%clk 0:38:04]} e4 {[%clk 1:00:53]} 11. Bc4 {[%clk 0:37:01]} b5 {[%clk
1:00:23]} 12. Bb3 {[%clk 0:34:59]} b4 {[%clk 1:00:40]} 13. Nb1 {[%clk 0:23:42]}
Ba6 {[%clk 1:00:06]} 14. Bc4 {[%clk 0:23:53]} Bxc4 {[%clk 1:00:26]} 15. Qxc4
{[%clk 0:24:17]} cxd5 {[%clk 0:46:30]} 16. Qc8+ {[%clk 0:20:00]} Qd8 {[%clk
0:46:48]} 17. Qc2 {[%clk 0:10:20]} Qd7 {[%clk 0:34:15]} 18. f3 {[%clk 0:05:48]}
O-O {[%clk 0:33:04]} 19. fxe4 {[%clk 0:05:29]} fxe4 {[%clk 0:32:54]} 20. Nd2
{[%clk 0:03:22]} Nc6 {[%clk 0:31:59]} 21. Nf4 {[%clk 0:01:00]} g5 {[%clk
0:27:41]} 22. Ne2 {[%clk 0:01:28]} Ng4 {[%clk 0:27:43]} 23. g3 {[%clk 0:00:40]}
Rac8 {[%clk 0:17:45]} 24. Rxf8+ {[%clk 0:01:02]} Rxf8 {[%clk 0:18:02]} 25. h3
{[%clk 0:00:36]} Nf2 {[%clk 0:13:08]} 26. Nf4 {[%clk 0:00:39]} gxf4 {[%clk
0:12:41]} 27. Kxf2 {[%clk 0:00:50]} fxg3+ {[%clk 0:12:45]} 28. Ke2 {[%clk
0:00:47]} Rf2+ {[%clk 0:12:34]} 29. Ke1 {[%clk 0:00:33]} Qxh3 {[%clk 0:12:49]}
0-1

[Event "European Women's Championship"]
[Site "Vysoke Tatry"]
[Date "2018.04.12"]
[Round "5"]
[White "Novosadova, Kristyna"]
[Black "Arakhamia-Grant, Ketevan"]
[Result "1-0"]
[Board "40"]
[WhiteElo "2240"]
[WhiteCountry "CZE"]
[WhiteFideId "328065"]
[WhiteEloChange "13"]
[BlackElo "2347"]
[BlackTitle "GM"]
[BlackCountry "SCO"]
[BlackFideId "13600168"]
[BlackEloChange "-13"]

1. d4 {[%clk 1:30:55]} Nf6 {[%clk 1:30:52]} 2. c4 {[%clk 1:31:18]} c5 {[%clk
1:31:04]} 3. d5 {[%clk 1:31:17]} e5 {[%clk 1:30:58]} 4. Nc3 {[%clk 1:31:27]} d6
{[%clk 1:31:21]} 5. e4 {[%clk 1:31:37]} Nbd7 {[%clk 1:31:38]} 6. Bd3 {[%clk
1:28:10]} Be7 {[%clk 1:31:47]} 7. Nge2 {[%clk 1:27:09]} h5 {[%clk 1:30:32]} 8. h4
{[%clk 1:27:33]} Nh7 {[%clk 1:24:47]} 9. Be3 {[%clk 1:20:58]} Bxh4 {[%clk
1:13:54]} 10. Nb5 {[%clk 1:19:59]} Be7 {[%clk 1:14:08]} 11. Ng3 {[%clk 1:12:26]}
g6 {[%clk 1:13:43]} 12. f4 {[%clk 1:08:12]} a6 {[%clk 1:09:30]} 13. Qa4 {[%clk
0:56:57]} axb5 {[%clk 0:41:45]} 14. Qxa8 {[%clk 0:57:17]} Nb6 {[%clk 0:42:08]}
15. Qa5 {[%clk 0:46:16]} bxc4 {[%clk 0:42:13]} 16. Be2 {[%clk 0:43:39]} Bh4
{[%clk 0:41:29]} 17. Rxh4 {[%clk 0:33:07]} Qxh4 {[%clk 0:41:51]} 18. Qxb6 {[%clk
0:32:54]} Qxg3+ {[%clk 0:14:14]} 19. Bf2 {[%clk 0:33:01]} Qxf4 {[%clk 0:13:04]}
20. Qxd6 {[%clk 0:33:10]} Nf6 {[%clk 0:07:14]} 21. Bxc5 {[%clk 0:20:44]} Qh4+
{[%clk 0:07:34]} 22. Kd1 {[%clk 0:15:09]} Nd7 {[%clk 0:01:26]} 23. Bb4 {[%clk
0:09:54]} Qf6 {[%clk 0:00:42]} 24. Qc7 {[%clk 0:09:40]} Qd8 {[%clk 0:00:58]} 25.
Qxc4 {[%clk 0:09:56]} f6 {[%clk 0:00:44]} 26. Rc1 {[%clk 0:07:13]} Kf7 {[%clk
0:00:55]} 27. d6+ {[%clk 0:06:14]} Kg7 {[%clk 0:01:11]} 28. Qb5 {[%clk 0:05:14]}
Nf8 {[%clk 0:00:37]} 29. Rc7+ {[%clk 0:03:08]} Kh6 {[%clk 0:01:04]} 30. Qc4
{[%clk 0:03:04]} Ne6 {[%clk 0:01:03]} 31. Re7 {[%clk 0:01:30]} Re8 {[%clk
0:01:12]} 32. Ba5 {[%clk 0:01:03]} b6 {[%clk 0:00:40]} 33. Rxe8 {[%clk 0:01:25]}
Qxe8 {[%clk 0:01:01]} 34. Bxb6 {[%clk 0:01:49]} Qd7 {[%clk 0:00:42]} 35. Be3+
{[%clk 0:01:30]} Kg7 {[%clk 0:00:58]} 36. Qb4 {[%clk 0:01:18]} Qc6 {[%clk
0:00:35]} 37. Bb5 {[%clk 0:01:17]} Qa8 {[%clk 0:00:35]} 38. d7 {[%clk 0:01:27]}
Kf7 {[%clk 0:00:32]} 39. dxc8Q {[%clk 0:01:32]} Qxc8 {[%clk 0:00:57]} 40. Qd6
{[%clk 0:31:41]} 1-0